Geomorphology for engineers (Record no. 1215811)

MARC details
000 -LEADER
fixed length control field 01039nam a2200301Ia 4500
003 - CONTROL NUMBER IDENTIFIER
control field OSt
005 - DATE AND TIME OF LATEST TRANSACTION
control field 20221007125800.0
008 - FIXED-LENGTH DATA ELEMENTS--GENERAL INFORMATION
fixed length control field 221006b |||||||| |||| 00| 0 eng d
020 ## - INTERNATIONAL STANDARD BOOK NUMBER
International Standard Book Number 0849396417 (hbd)
037 ## - SOURCE OF ACQUISITION
Terms of availability Textbook
040 ## - CATALOGING SOURCE
Original cataloging agency DGL
Transcribing agency DGL
Language of cataloging eng
041 ## - LANGUAGE CODE
Source of code eng
Language code of text/sound track or separate title eng
100 ## - MAIN ENTRY--PERSONAL NAME
Personal name Fookes P G Ed.
9 (RLIN) 722446
245 #0 - TITLE STATEMENT
Title Geomorphology for engineers
Remainder of title Milligan G Ed.
260 ## - PUBLICATION, DISTRIBUTION, ETC.
Place of publication, distribution, etc. Boca Raton
Name of publisher, distributor, etc. CRC Press
Date of publication, distribution, etc. 2005
300 ## - PHYSICAL DESCRIPTION
Extent xxi,851p.
Dimensions cm.
500 ## - GENERAL NOTE
General note Includes bibliographical references; Appendix A1-A6 782-839p; Index 843-851p
650 ## - SUBJECT ADDED ENTRY--TOPICAL TERM
Topical term or geographic name entry element Engineering geomorphology
9 (RLIN) 722447
650 ## - SUBJECT ADDED ENTRY--TOPICAL TERM
Topical term or geographic name entry element Geomorphology
650 ## - SUBJECT ADDED ENTRY--TOPICAL TERM
Topical term or geographic name entry element Geology
700 ## - ADDED ENTRY--PERSONAL NAME
Personal name Lee E M Ed.
9 (RLIN) 722448
700 ## - ADDED ENTRY--PERSONAL NAME
Personal name Milligan G Ed.
9 (RLIN) 722449
942 ## - ADDED ENTRY ELEMENTS (KOHA)
Classification part U210bD, P5 Carg
Koha item type Textbook
Source of classification or shelving scheme Colon Classification (CC)
Holdings
Withdrawn status Lost status Source of classification or shelving scheme Damaged status Not for loan Home library Current library Date acquired Source of acquisition Total Checkouts Full call number Barcode Date last seen Price effective from Koha item type
    Colon Classification (CC)     Department of Geology Library Department of Geology Library 2022-10-07 1877, 28/03/2007, Unilib Book Distributors   U210bD P5 Carg SL0G00008 2022-10-07 2022-10-07 Textbook
Copyright @ Delhi University Library System